Využitie štatistických metód na hodnotenie investičnej výkonnosti

Gespeichert in:
Bibliographische Detailangaben
1. Verfasser: Šefčíková, Denisa
Format: Buchkapitel
Sprache:Slowakisch
Schlagworte:
Tags: Tag hinzufügen
Keine Tags, Fügen Sie das erste Tag hinzu!

MARC

LEADER 00000naa$a2200000$$$4500
001 0269236
005 20240502074222.2
041 0 |a slo 
044 |a SK 
245 1 0 |a Využitie štatistických metód na hodnotenie investičnej výkonnosti  |c Denisa Šefčíková 
500 |a abstrakt 
610 2 0 |a metódy štatistické 
610 2 0 |a výkonnosť 
610 2 0 |a projekty investičné 
610 2 0 |a riziko 
610 2 0 |a programy investičné 
100 1 |a Šefčíková, Denisa